[Event "Isle of Wight International"]
[Site "Ryde"]
[Date "2025.02.21"]
[Round "6.29"]
[White "Brackmann, Hendrik"]
[Black "Sooraj, M R"]
[Result "1/2-1/2"]
[WhiteElo "2021"]
[BlackElo "2152"]
[PlyCount "180"]
[EventDate "2025.02.18"]
[EventType "swiss"]
[EventRounds "9"]
[EventCountry "ENG"]
[SourceTitle "BritBase"]
[Source "John Saunders"]
[SourceDate "2025.02.21"]
[SourceVersion "1"]
[SourceVersionDate "2025.02.21"]
[SourceQuality "1"]

1. e4 Nf6 2. e5 Nd5 3. d4 d6 4. c4 Nb6 5. exd6 cxd6 6. Nc3 g6 7. h3 Bg7 8. Nf3 O-O 9. Be2 Nc6 10. O-O Bf5 11. d5 Na5 12. Nd4 Naxc4 13. a4 a5 14. Nxf5 gxf5 15. Re1 e6 16. dxe6 fxe6 17. Bxc4 Nxc4 18. Rxe6 Qh4 19. g3 Qd4 20. Bf4 Qxd1+ 21. Nxd1 Rae8 22. Rxe8 Rxe8 23. Ne3 Nxe3 24. Bxe3 d5 25. Kf1 Bxb2 26. Rb1 Bc3 27. Rxb7 d4 28. Bg5 Re1+ 29. Kg2 Ra1 30. Bf6 Rxa4 31. Rg7+ Kf8 32. Rxh7 Rc4 33. Rd7 Ke8 34. Ra7 Rc6 35. Bg7 Re6 36. g4 Re7 37. Ra8+ Kd7 38. Bxd4 Bxd4 39. Rxa5 Be5 40. gxf5 Ke8 41. Ra6 Kf8 42. Kf3 Rf7 43. Kg4 Bf6 44. Rb6 Rg7+ 45. Kf3 Kf7 46. Rb7+ Be7 47. Rb6 Rg5 48. Kf4 Rh5 49. Kg4 Rh4+ 50. Kg3 Rd4 51. Re6 Bh4+ 52. Kf3 Rd5 53. Ke4 Rd2 54. Ke3 Ra2 55. f3 Rh2 56. Kf4 Bf2 57. Kg4 Rg2+ 58. Kf4 Bg3+ 59. Ke3 Rh2 60. f4 Rxh3 61. Kf3 Bh2+ 62. Kg4 Rg3+ 63. Kh4 Rf3 64. Kg4 Rxf4+ 65. Kg5 Rf2 66. Rf6+ Ke7 67. Re6+ Kd7 68. Kg6 Bd6 69. Kf6 Rg2 70. Re4 Rg8 71. Kf7 Rf8+ 72. Kg6 Be7 73. Re6 Bd8 74. Ra6 Rg8+ 75. Kf7 Rg5 76. f6 Rf5 77. Re6 Rf2 78. Ra6 Bc7 79. Ra7 Kd6 80. Ra6+ Kd5 81. Re6 Bd6 82. Re8 Be5 83. Re6 Ra2 84. Rb6 Ra7+ 85. Kg8 Ra8+ 86. Kf7 Bd4 87. Rb7 Ra6 88. Rd7+ Ke5 89. Rxd4 Kxd4 90. Kg7 Rxf6 1/2-1/2

[Event "Isle of Wight International"]
[Site "Ryde"]
[Date "2025.02.21"]
[Round "6.30"]
[White "Liu, Jack"]
[Black "Waterfield, Mark"]
[Result "1-0"]
[WhiteElo "2141"]
[BlackElo "1892"]
[PlyCount "59"]
[EventDate "2025.02.18"]
[EventType "swiss"]
[EventRounds "9"]
[EventCountry "ENG"]
[SourceTitle "BritBase"]
[Source "John Saunders"]
[SourceDate "2025.02.21"]
[SourceVersion "1"]
[SourceVersionDate "2025.02.21"]
[SourceQuality "1"]

1. e4 e6 2. d4 d5 3. Nc3 Bb4 4. e5 c5 5. a3 Bxc3+ 6. bxc3 Ne7 7. Qg4 cxd4 8. Qxg7 Rg8 9. Qxh7 Qc7 10. Ne2 Nbc6 11. f4 dxc3 12. Qd3 d4 13. Nxd4 Nxd4 14. Qxd4 Bd7 15. Rg1 Nf5 16. Qf2 Qc6 17. Bd3 Qd5 18. Be3 Nxe3 19. Qxe3 Rxg2 20. Rxg2 Qxg2 21. Be4 Qxh2 22. O-O-O Bc6 23. Bxc6+ bxc6 24. Qd4 Kf8 25. Kb1 Qh4 26. Ka1 Qe7 27. Qxc3 Rd8 28. Rh1 Qb7 29. Rh8+ Ke7 30. Qc5+ 1-0

[Event "Isle of Wight International"]
[Site "Ryde"]
[Date "2025.02.21"]
[Round "6.31"]
[White "Cansdale, Zach"]
[Black "Dignam, Matthew P"]
[Result "1/2-1/2"]
[WhiteElo "1955"]
[BlackElo "2138"]
[PlyCount "135"]
[EventDate "2025.02.18"]
[EventType "swiss"]
[EventRounds "9"]
[EventCountry "ENG"]
[SourceTitle "BritBase"]
[Source "John Saunders"]
[SourceDate "2025.02.21"]
[SourceVersion "1"]
[SourceVersionDate "2025.02.21"]
[SourceQuality "1"]

1. d4 Nf6 2. c4 g6 3. Nc3 Bg7 4. e4 d6 5. Nf3 O-O 6. Be2 Nbd7 7. O-O e5 8. dxe5 dxe5 9. Qc2 c6 10. Be3 Qe7 11. Rad1 h6 12. Nd2 Nc5 13. Nb3 Ne6 14. g3 h5 15. f3 Kh7 16. Rfe1 Ng8 17. Bf1 Bh6 18. Qf2 b6 19. c5 Bxe3 20. Qxe3 bxc5 21. Na4 Nd4 22. Rc1 Qf6 23. Kg2 Nh6 24. Naxc5 h4 25. Nxd4 exd4 26. Qf4 Ng8 27. Qxf6 Nxf6 28. Nb3 h3+ 29. Kf2 Rd8 30. Rxc6 Be6 31. Bc4 Bxc4 32. Rxc4 d3 33. Rd1 Nd7 34. Rxd3 Ne5 35. Rxd8 Rxd8 36. Rd4 Rc8 37. Rd2 g5 38. f4 gxf4 39. gxf4 Ng6 40. f5 Ne5 41. Kg3 Rg8+ 42. Kxh3 Nf3 43. Rd3 Ng1+ 44. Kh4 Rg2 45. Rg3 Rxh2+ 46. Kg4 Ne2 47. Rh3+ Rxh3 48. Kxh3 Nf4+ 49. Kg4 Nd3 50. Kg5 Kg8 51. Kf6 Nxb2 52. e5 Kf8 53. Nd4 Nc4 54. Nb5 a5 55. Nd6 Ne3 56. e6 Nd5+ 57. Ke5 fxe6 58. fxe6 Nb4 59. a3 Nc6+ 60. Kf6 Ne7 61. Nf5 Nxf5 62. Kxf5 Ke7 63. a4 Ke8 64. Ke5 Ke7 65. Kd5 Ke8 66. Kc5 Ke7 67. Kb6 Kxe6 68. Kxa5 1/2-1/2

[Event "Isle of Wight International"]
[Site "Ryde"]
[Date "2025.02.21"]
[Round "6.32"]
[White "Wilks, Simon"]
[Black "Pereslavtsev, Alexandr"]
[Result "0-1"]
[WhiteElo "2089"]
[BlackElo "1946"]
[PlyCount "78"]
[EventDate "2025.02.18"]
[EventType "swiss"]
[EventRounds "9"]
[EventCountry "ENG"]
[SourceTitle "BritBase"]
[Source "John Saunders"]
[SourceDate "2025.02.21"]
[SourceVersion "1"]
[SourceVersionDate "2025.02.21"]
[SourceQuality "1"]

1. e4 c5 2. Nf3 e6 3. d4 cxd4 4. Nxd4 a6 5. Bd3 Bc5 6. Nb3 Ba7 7. Qe2 Nc6 8. Be3 Nf6 9. Nc3 Bxe3 10. Qxe3 d6 11. O-O-O O-O 12. f4 Qc7 13. Be2 b5 14. Bf3 Rb8 15. g4 Rd8 16. e5 Ne8 17. exd6 Nxd6 18. Qc5 Bb7 19. Nd4 Rbc8 20. Nxc6 Bxc6 21. Bxc6 Qxc6 22. Qxc6 Rxc6 23. Rd4 Kf8 24. Rhd1 Ke7 25. a4 bxa4 26. Nxa4 Rdc8 27. R1d2 R8c7 28. b3 Nb5 29. Re4 h5 30. f5 hxg4 31. Rxg4 e5 32. Rxg7 Nd4 33. Kd1 Nxf5 34. Rg5 Kf6 35. Rh5 Ne3+ 36. Ke2 Nxc2 37. Nb2 Nd4+ 38. Kf1 Rc1+ 39. Kf2 R1c2 0-1

[Event "Isle of Wight International"]
[Site "Ryde"]
[Date "2025.02.21"]
[Round "6.33"]
[White "Chong, Kai Ni Agnes"]
[Black "Larchikov, Maksym"]
[Result "1/2-1/2"]
[WhiteElo "1955"]
[BlackElo "2088"]
[PlyCount "52"]
[EventDate "2025.02.18"]
[EventType "swiss"]
[EventRounds "9"]
[EventCountry "ENG"]
[SourceTitle "BritBase"]
[Source "John Saunders"]
[SourceDate "2025.02.21"]
[SourceVersion "1"]
[SourceVersionDate "2025.02.21"]
[SourceQuality "1"]

1. d4 d5 2. c4 e6 3. Nf3 Nf6 4. g3 Be7 5. Bg2 O-O 6. O-O dxc4 7. Qc2 a6 8. a4 Bd7 9. Qxc4 Bc6 10. Bg5 Nbd7 11. Nc3 a5 12. Rfe1 Bxf3 13. Bxf3 c6 14. Red1 h6 15. Bxf6 Nxf6 16. Ne4 Nxe4 17. Bxe4 Ra6 18. e3 Rb6 19. Qe2 g6 20. Rac1 Rb4 21. Rc4 Qb6 22. Rxb4 Qxb4 23. Qc2 Kg7 24. Rd3 Qb6 25. Kg2 h5 26. h4 Rd8 1/2-1/2

[Event "Isle of Wight International"]
[Site "Ryde"]
[Date "2025.02.21"]
[Round "6.34"]
[White "Schell, Finn"]
[Black "Kumar, Sanjit S"]
[Result "1-0"]
[WhiteElo "1887"]
[BlackElo "2074"]
[PlyCount "98"]
[EventDate "2025.02.18"]
[EventType "swiss"]
[EventRounds "9"]
[EventCountry "ENG"]
[SourceTitle "BritBase"]
[Source "John Saunders"]
[SourceDate "2025.02.21"]
[SourceVersion "1"]
[SourceVersionDate "2025.02.21"]
[SourceQuality "1"]

1. e4 e6 2. d4 d5 3. Nd2 c5 4. Ngf3 cxd4 5. Nxd4 Nc6 6. Bb5 Bd7 7. Nxc6 bxc6 8. Bd3 Bd6 9. Qe2 Ne7 10. e5 Bc7 11. O-O c5 12. c4 Bc6 13. f4 O-O 14. b3 a5 15. Bb2 d4 16. Be4 a4 17. Bxc6 Nxc6 18. Ne4 Qe7 19. Rf3 axb3 20. a3 Rab8 21. Rh3 Nxe5 22. fxe5 Bxe5 23. Qh5 f5 24. Qxh7+ Kf7 25. Qh5+ g6 26. Ng5+ Kf6 27. Ne4+ Kf7 28. Ng5+ Kf6 29. Qh4 Rh8 30. Ne4+ Kf7 31. Qxe7+ Kxe7 32. Nxc5 Rhc8 33. Rh7+ Kd6 34. Nd3 Rxc4 35. Rd7+ Kxd7 36. Nxe5+ Kd6 37. Nxc4+ Kd5 38. Nd2 e5 39. Rc1 e4 40. Rc4 d3 41. Kf2 g5 42. Rb4 Rc8 43. Rxb3 Rc2 44. Ke1 f4 45. h3 e3 46. Rxd3+ Ke6 47. Bd4 exd2+ 48. Rxd2 Rc4 49. Kf2 Kd5 1-0

[Event "Isle of Wight International"]
[Site "Ryde"]
[Date "2025.02.21"]
[Round "6.35"]
[White "Bugaj, Hanna"]
[Black "Maki Uuro, Miika"]
[Result "1/2-1/2"]
[WhiteElo "1903"]
[BlackElo "2278"]
[PlyCount "46"]
[EventDate "2025.02.18"]
[EventType "swiss"]
[EventRounds "9"]
[EventCountry "ENG"]
[SourceTitle "BritBase"]
[Source "John Saunders"]
[SourceDate "2025.02.21"]
[SourceVersion "1"]
[SourceVersionDate "2025.02.21"]
[SourceQuality "1"]

1. e4 e5 2. Nf3 Nf6 3. Nxe5 d6 4. Nf3 Nxe4 5. Bd3 Nf6 6. O-O Be7 7. h3 O-O 8. c3 Re8 9. Re1 Bf8 10. Bc2 Rxe1+ 11. Qxe1 b6 12. d4 Bb7 13. Nbd2 Nbd7 14. Ne4 Qe8 15. Nxf6+ Nxf6 16. Bg5 Ne4 17. Bf4 h6 18. Nd2 Nf6 19. Qf1 Qd7 20. Re1 Re8 21. Bd3 a5 22. Rxe8 Qxe8 23. Qe2 Qxe2 1/2-1/2

[Event "Isle of Wight International"]
[Site "Ryde"]
[Date "2025.02.21"]
[Round "6.36"]
[White "Zheng, Harry Z"]
[Black "Jukes, Sam"]
[Result "1-0"]
[WhiteElo "2198"]
[BlackElo "1951"]
[PlyCount "81"]
[EventDate "2025.02.18"]
[EventType "swiss"]
[EventRounds "9"]
[EventCountry "ENG"]
[SourceTitle "BritBase"]
[Source "John Saunders"]
[SourceDate "2025.02.21"]
[SourceVersion "1"]
[SourceVersionDate "2025.02.21"]
[SourceQuality "1"]

1. e4 c5 2. Nf3 Nc6 3. d4 cxd4 4. Nxd4 Nf6 5. Nc3 e5 6. Ndb5 d6 7. Bg5 a6 8. Na3 b5 9. Nd5 Be7 10. Bxf6 Bxf6 11. c4 b4 12. Nc2 O-O 13. g3 Be6 14. Bg2 a5 15. b3 Bg5 16. O-O Qb8 17. Kh1 Bd8 18. f4 f6 19. Qd2 Bf7 20. Rf3 Bb6 21. Nxb6 Qxb6 22. Rd3 Rfd8 23. Qe3 Qxe3 24. Nxe3 a4 25. Rad1 axb3 26. axb3 Bh5 27. Re1 Nd4 28. Nf5 Nxf5 29. exf5 Rab8 30. h3 exf4 31. g4 Bf7 32. Rf1 g5 33. fxg6 Bxg6 34. Rd2 Re8 35. Rxd6 Re3 36. c5 Rc3 37. c6 f3 38. Rxf3 Rc8 39. Rf4 Bf7 40. Rxb4 Bxb3 41. Rxb3 1-0

[Event "Isle of Wight International"]
[Site "Ryde"]
[Date "2025.02.21"]
[Round "6.37"]
[White "Obrochta, Lena"]
[Black "Kiese, Matthias"]
[Result "1-0"]
[WhiteElo "1916"]
[BlackElo "2109"]
[PlyCount "109"]
[EventDate "2025.02.18"]
[EventType "swiss"]
[EventRounds "9"]
[EventCountry "ENG"]
[SourceTitle "BritBase"]
[Source "John Saunders"]
[SourceDate "2025.02.21"]
[SourceVersion "1"]
[SourceVersionDate "2025.02.21"]
[SourceQuality "1"]

1. e4 c5 2. Nf3 Nc6 3. d4 cxd4 4. Nxd4 g6 5. Nc3 Bg7 6. Be3 Nf6 7. Nb3 O-O 8. f3 a5 9. a4 Nb4 10. Qe2 d6 11. Nb5 Nd7 12. c3 Nc6 13. Qf2 b6 14. Rd1 Bb7 15. Be2 Rc8 16. g4 Nce5 17. h4 h6 18. Rg1 Kh7 19. N3d4 Nc5 20. h5 g5 21. Nf5 Ne6 22. Bxb6 Qd7 23. Be3 Bf6 24. b3 Ba6 25. Nfd4 Nc5 26. c4 Bb7 27. Nf5 Ne6 28. Bb6 Nf4 29. Qe3 Rc6 30. Bxa5 Ra8 31. Bb4 Qe8 32. Nc3 Rcc8 33. Nd5 Bxd5 34. exd5 Qh8 35. Qe4 Kg8 36. Bd2 Rcb8 37. Rb1 Kf8 38. a5 Nd7 39. b4 Re8 40. Bxf4 gxf4 41. Qxf4 Bg5 42. Qg3 Qc3+ 43. Kf1 Qc2 44. Re1 Bd2 45. Rd1 Ne5 46. Qf2 Bxb4 47. Qe3 Rec8 48. Qxh6+ Ke8 49. Qg5 Ra7 50. h6 f6 51. Qg8+ Kd7 52. h7 Raa8 53. Qe6+ Kc7 54. Qxe7+ Nd7 55. Nd4 1-0

[Event "Isle of Wight International"]
[Site "Ryde"]
[Date "2025.02.21"]
[Round "6.38"]
[White "Adams, Henry"]
[Black "Zhu, Pengxiao"]
[Result "1/2-1/2"]
[WhiteElo "2082"]
[BlackElo "1922"]
[PlyCount "59"]
[EventDate "2025.02.18"]
[EventType "swiss"]
[EventRounds "9"]
[EventCountry "ENG"]
[SourceTitle "BritBase"]
[Source "John Saunders"]
[SourceDate "2025.02.21"]
[SourceVersion "1"]
[SourceVersionDate "2025.02.21"]
[SourceQuality "1"]

1. d4 Nf6 2. Nf3 d5 3. g3 Bf5 4. Bg2 e6 5. O-O h6 6. c4 c6 7. Nc3 Nbd7 8. Qb3 Qb6 9. c5 Qxb3 10. axb3 Be7 11. b4 O-O 12. b5 cxb5 13. Nxb5 a6 14. Nc3 Rfc8 15. Nd2 Nb8 16. e4 dxe4 17. Ndxe4 Nxe4 18. Nxe4 Nc6 19. Be3 Rd8 20. Nc3 Rac8 21. d5 exd5 22. Nxd5 Bg5 23. f4 Bf6 24. Nxf6+ gxf6 25. Rfd1 Bd3 26. f5 Kg7 27. g4 Rd7 28. Bf4 Ne5 29. Bxe5 fxe5 30. Bxb7 1/2-1/2

[Event "Isle of Wight International"]
[Site "Ryde"]
[Date "2025.02.21"]
[Round "6.39"]
[White "Westcott, Dale"]
[Black "Brett, Andrew R"]
[Result "0-1"]
[WhiteElo "1770"]
[BlackElo "2047"]
[PlyCount "106"]
[EventDate "2025.02.18"]
[EventType "swiss"]
[EventRounds "9"]
[EventCountry "ENG"]
[SourceTitle "BritBase"]
[Source "John Saunders"]
[SourceDate "2025.02.21"]
[SourceVersion "1"]
[SourceVersionDate "2025.02.21"]
[SourceQuality "1"]

1. Nf3 d5 2. g3 Nf6 3. Bg2 g6 4. O-O Bg7 5. c4 c6 6. d4 O-O 7. cxd5 cxd5 8. Nc3 Ne4 9. Qc2 Nc6 10. Rd1 Bf5 11. Qb3 Nxc3 12. bxc3 Na5 13. Qb4 Bc2 14. Rd2 Be4 15. Rd1 Rc8 16. Bg5 f6 17. Be3 Nc4 18. Bh3 Nxe3 19. fxe3 Rc7 20. Rac1 b6 21. Be6+ Kh8 22. c4 Bh6 23. Kf2 dxc4 24. Rxc4 Rxc4 25. Qxc4 Bb7 26. Rc1 Qd6 27. Bh3 Bd5 28. Qc7 a5 29. Rc2 Qxc7 30. Rxc7 Bxa2 31. Rb7 Bd5 32. Rxb6 a4 33. Ra6 Ra8 34. Rxa8+ Bxa8 35. Be6 Be4 36. Nd2 Bc2 37. Ba2 e5 38. d5 Bf8 39. Nc4 Bc5 40. Ke1 Bb4+ 41. Kf2 Kg7 42. h3 Kf8 43. Kf3 Ke7 44. e4 Bc5 45. Nd2 Bd4 46. Nc4 Kd7 47. g4 g5 48. Na3 Bd1 49. Nc4 Kc7 50. Ne3 Bxe3 51. Kxe3 Bc2 52. Bc4 Kd6 53. Bd3 a3 0-1

[Event "Isle of Wight International"]
[Site "Ryde"]
[Date "2025.02.21"]
[Round "6.40"]
[White "Lishoy Gengis Paratazham, Dildarav"]
[Black "Rastogi, Nayan Keats"]
[Result "1/2-1/2"]
[WhiteElo "2045"]
[BlackElo "1843"]
[PlyCount "48"]
[EventDate "2025.02.18"]
[EventType "swiss"]
[EventRounds "9"]
[EventCountry "ENG"]
[SourceTitle "BritBase"]
[Source "John Saunders"]
[SourceDate "2025.02.21"]
[SourceVersion "1"]
[SourceVersionDate "2025.02.21"]
[SourceQuality "1"]

1. Nf3 Nf6 2. g3 d5 3. Bg2 e6 4. O-O Be7 5. c4 d4 6. e3 c5 7. b4 Nc6 8. b5 Nb4 9. exd4 Nd3 10. dxc5 Bxc5 11. Ba3 Ne4 12. Bxc5 Nexc5 13. Nc3 O-O 14. Ne1 Qd4 15. Nxd3 Nxd3 16. Qb3 Nc5 17. Qb4 Nd3 18. Qb3 Nc5 19. Qb4 Nd3 20. Qa4 Nb2 21. Qc2 Nd3 22. Ne2 Qd6 23. Nc1 Rd8 24. Rd1 Nxf2 1/2-1/2

[Event "Isle of Wight International"]
[Site "Ryde"]
[Date "2025.02.21"]
[Round "6.41"]
[White "Rzepka, Marcin"]
[Black "Looi, Xin Hao"]
[Result "0-1"]
[WhiteElo "1750"]
[BlackElo "2043"]
[PlyCount "58"]
[EventDate "2025.02.18"]
[EventType "swiss"]
[EventRounds "9"]
[EventCountry "ENG"]
[SourceTitle "BritBase"]
[Source "John Saunders"]
[SourceDate "2025.02.21"]
[SourceVersion "1"]
[SourceVersionDate "2025.02.21"]
[SourceQuality "1"]

1. e4 c6 2. d4 d5 3. exd5 cxd5 4. Nf3 Nc6 5. g3 Nf6 6. Bg2 Bg4 7. c3 e6 8. Bf4 Bd6 9. Qc1 O-O 10. Ne5 Bxe5 11. Bxe5 Nxe5 12. dxe5 Nd7 13. Qe3 Qb6 14. Qxb6 axb6 15. f4 Nc5 16. O-O Nb3 17. Na3 Nxa1 18. Rxa1 Be2 19. Bf1 Bxf1 20. Kxf1 f6 21. Re1 g5 22. Kg2 gxf4 23. gxf4 Ra4 24. exf6 Rxf6 25. c4 dxc4 26. Re4 b5 27. Kh3 c3 28. Rxa4 bxa4 29. bxc3 Rxf4 0-1

[Event "Isle of Wight International"]
[Site "Ryde"]
[Date "2025.02.21"]
[Round "6.42"]
[White "Wicken, Jack"]
[Black "Sandhu, Manvith"]
[Result "1/2-1/2"]
[WhiteElo "2043"]
[BlackElo "1904"]
[PlyCount "38"]
[EventDate "2025.02.18"]
[EventType "swiss"]
[EventRounds "9"]
[EventCountry "ENG"]
[SourceTitle "BritBase"]
[Source "John Saunders"]
[SourceDate "2025.02.21"]
[SourceVersion "1"]
[SourceVersionDate "2025.02.21"]
[SourceQuality "1"]

1. e4 c5 2. b3 e6 3. Bb2 b6 4. c4 Bb7 5. Nc3 a6 6. Nf3 d6 7. d4 cxd4 8. Nxd4 Nf6 9. Bd3 Qc7 10. O-O Be7 11. Rc1 Nbd7 12. Qe2 O-O 13. Kh1 Rfe8 14. f4 Rad8 15. Bb1 g6 16. Nf3 Nh5 17. Ne1 Bf8 18. Nd3 Bg7 19. Nd1 Nc5 1/2-1/2

[Event "Isle of Wight International"]
[Site "Ryde"]
[Date "2025.02.21"]
[Round "6.43"]
[White "Sanitt, Ethan"]
[Black "Ding, Yiwen"]
[Result "1-0"]
[WhiteElo "2040"]
[BlackElo "1772"]
[PlyCount "59"]
[EventDate "2025.02.18"]
[EventType "swiss"]
[EventRounds "9"]
[EventCountry "ENG"]
[SourceTitle "BritBase"]
[Source "John Saunders"]
[SourceDate "2025.02.21"]
[SourceVersion "1"]
[SourceVersionDate "2025.02.21"]
[SourceQuality "1"]

1. c4 e5 2. g3 Nf6 3. Bg2 d5 4. cxd5 Nxd5 5. Nc3 Nb6 6. Nf3 Nc6 7. O-O Be7 8. d3 O-O 9. a3 Be6 10. b4 a5 11. b5 Nd4 12. Be3 f6 13. Bxd4 exd4 14. Na4 Qd7 15. Nxb6 cxb6 16. a4 Rad8 17. Nd2 Kh8 18. Nc4 Bc5 19. Qc1 Bd5 20. Qf4 Bxg2 21. Kxg2 Rfe8 22. Ra2 Qd5+ 23. Qf3 Qxf3+ 24. Kxf3 Re7 25. Rc1 Rc8 26. Nxb6 Rcc7 27. Nd5 Red7 28. Nxc7 Rxc7 29. b6 Bxb6 30. Rxc7 1-0

[Event "Isle of Wight International"]
[Site "Ryde"]
[Date "2025.02.21"]
[Round "6.44"]
[White "Moseley, Alan"]
[Black "Vadalia, Jainill"]
[Result "1-0"]
[WhiteElo "1740"]
[BlackElo "1998"]
[PlyCount "81"]
[EventDate "2025.02.18"]
[EventType "swiss"]
[EventRounds "9"]
[EventCountry "ENG"]
[SourceTitle "BritBase"]
[Source "John Saunders"]
[SourceDate "2025.02.21"]
[SourceVersion "1"]
[SourceVersionDate "2025.02.21"]
[SourceQuality "1"]

1. d4 Nf6 2. c4 e6 3. Nc3 Bb4 4. a3 Bxc3+ 5. bxc3 c5 6. e3 b6 7. Bd3 Bb7 8. f3 Nc6 9. Ne2 O-O 10. O-O Ba6 11. e4 Ne8 12. f4 f5 13. exf5 exf5 14. Ng3 g6 15. Re1 d6 16. Ra2 Ng7 17. d5 Na5 18. Rae2 Re8 19. Rxe8+ Nxe8 20. Bxf5 Ng7 21. Be6+ Kh8 22. f5 gxf5 23. Bh6 Qf6 24. Bxg7+ Qxg7 25. Nxf5 Qf8 26. Qh5 Nxc4 27. Re4 Rb8 28. Rg4 Ne5 29. Rg8+ Qxg8 30. Bxg8 Rxg8 31. Nxd6 Ng6 32. Nf7+ Kg7 33. Ng5 h6 34. Ne6+ Kh7 35. d6 Bc8 36. Qd5 Bd7 37. Nc7 Rf8 38. g3 Bh3 39. Qd3 Rf1+ 40. Qxf1 Bxf1 41. d7 1-0

[Event "Isle of Wight International"]
[Site "Ryde"]
[Date "2025.02.21"]
[Round "6.45"]
[White "Mittal, Advik"]
[Black "Yu, Rock"]
[Result "0-1"]
[WhiteElo "1732"]
[BlackElo "1980"]
[PlyCount "80"]
[EventDate "2025.02.18"]
[EventType "swiss"]
[EventRounds "9"]
[EventCountry "ENG"]
[SourceTitle "BritBase"]
[Source "John Saunders"]
[SourceDate "2025.02.21"]
[SourceVersion "1"]
[SourceVersionDate "2025.02.21"]
[SourceQuality "1"]

1. d4 Nf6 2. Bf4 c5 3. d5 d6 4. c4 e5 5. dxe6 Bxe6 6. Nc3 d5 7. cxd5 Nxd5 8. Bxb8 Rxb8 9. Qa4+ Qd7 10. Qxd7+ Kxd7 11. Nxd5 Bxd5 12. O-O-O Kc6 13. b3 Be7 14. Nf3 Bf6 15. e3 b5 16. Kc2 Rhd8 17. Be2 a5 18. Rd2 a4 19. Rb1 axb3+ 20. axb3 Be4+ 21. Bd3 Rxd3 22. Rxd3 Rd8 23. Rbd1 Rxd3 24. Rxd3 c4 25. bxc4 bxc4 26. Kd2 Bxd3 27. Ne1 Bf5 28. f3 Kc5 29. e4 Bd7 30. Ke3 Bd4+ 31. Kd2 c3+ 32. Kc1 Ba4 33. Nd3+ Kc4 34. Ne1 Be3+ 35. Kb1 Bd2 36. Nc2 Kd3 37. Nb4+ Ke2 38. Nc2 Kd1 39. Nd4 c2+ 40. Nxc2 Bxc2+ 0-1

[Event "Isle of Wight International"]
[Site "Ryde"]
[Date "2025.02.21"]
[Round "6.46"]
[White "Mokhber-Garcia, Sebastian"]
[Black "Hu, Junyan"]
[Result "0-1"]
[WhiteElo "1974"]
[BlackElo "1895"]
[PlyCount "78"]
[EventDate "2025.02.18"]
[EventType "swiss"]
[EventRounds "9"]
[EventCountry "ENG"]
[SourceTitle "BritBase"]
[Source "John Saunders"]
[SourceDate "2025.02.21"]
[SourceVersion "1"]
[SourceVersionDate "2025.02.21"]
[SourceQuality "1"]

1. e4 c5 2. Nf3 e6 3. c3 d5 4. exd5 Qxd5 5. d4 Nf6 6. Bb5+ Bd7 7. Bxd7+ Nbxd7 8. O-O cxd4 9. cxd4 Bb4 10. a3 Ba5 11. Bd2 Bxd2 12. Qxd2 Ne4 13. Qe3 O-O 14. Nc3 Nxc3 15. bxc3 Rac8 16. Rfc1 Rc7 17. Nd2 Nb6 18. Ne4 Rfc8 19. Rc2 Qb3 20. Qc1 Na4 21. Rb1 Qd5 22. Rb4 Qxe4 23. Rxa4 Rxc3 24. Rxc3 Rxc3 25. Qf1 Qc6 26. Rxa7 f6 27. d5 exd5 28. h3 Rc1 29. Qxc1 Qxc1+ 30. Kh2 d4 31. Rxb7 d3 32. Rb8+ Kf7 33. Rb7+ Kg6 34. Rb4 d2 35. Rg4+ Kf7 36. a4 d1=Q 37. Kg3 Qd3+ 38. Kh2 Qd6+ 39. f4 Qd4 0-1

[Event "Isle of Wight International"]
[Site "Ryde"]
[Date "2025.02.21"]
[Round "6.47"]
[White "Buchwald, Filip"]
[Black "Patel, Keatan"]
[Result "0-1"]
[WhiteElo "1636"]
[BlackElo "1957"]
[PlyCount "78"]
[EventDate "2025.02.18"]
[EventType "swiss"]
[EventRounds "9"]
[EventCountry "ENG"]
[SourceTitle "BritBase"]
[Source "John Saunders"]
[SourceDate "2025.02.21"]
[SourceVersion "1"]
[SourceVersionDate "2025.02.21"]
[SourceQuality "1"]

1. e4 c6 2. Nf3 d5 3. e5 Bf5 4. Nh4 Bd7 5. Nf3 h6 6. d4 Qc8 7. Bd3 Bf5 8. O-O Bxd3 9. Qxd3 e6 10. c3 Ne7 11. Na3 Qd8 12. Nc2 Nf5 13. Ne3 Nxe3 14. Bxe3 Be7 15. Nd2 Nd7 16. a4 c5 17. f4 cxd4 18. cxd4 O-O 19. f5 exf5 20. Rxf5 Qb6 21. Rh5 Rac8 22. Rf1 Qg6 23. Qe2 Rc2 24. Rh3 Bg5 25. Rg3 Qa6 26. Qxa6 Bxe3+ 27. Rxe3 bxa6 28. Nf3 Rxb2 29. Rc1 Nb6 30. Rc7 Nxa4 31. Rxa7 Rc8 32. Rxa6 Nc3 33. Kf1 Ne4 34. Re2 Rc1+ 35. Ne1 Rb4 36. e6 fxe6 37. Rxe6 Rxd4 38. Rb2 Rdd1 39. Re2 Nf6 0-1

[Event "Isle of Wight International"]
[Site "Ryde"]
[Date "2025.02.21"]
[Round "6.48"]
[White "Duke, Michael"]
[Black "Pai, Sidhanth"]
[Result "1-0"]
[WhiteElo "2045"]
[BlackElo "1746"]
[PlyCount "143"]
[EventDate "2025.02.18"]
[EventType "swiss"]
[EventRounds "9"]
[EventCountry "ENG"]
[SourceTitle "BritBase"]
[Source "John Saunders"]
[SourceDate "2025.02.21"]
[SourceVersion "1"]
[SourceVersionDate "2025.02.21"]
[SourceQuality "1"]

1. d4 Nf6 2. c4 e6 3. Nf3 b6 4. g3 Ba6 5. Qc2 c5 6. Bg2 Nc6 7. dxc5 Bxc5 8. a3 Bb7 9. O-O a5 10. Nc3 O-O 11. b3 Rc8 12. Bb2 Qe7 13. Na4 Rfd8 14. Ng5 h6 15. Nxc5 bxc5 16. Ne4 Nxe4 17. Qxe4 d5 18. cxd5 exd5 19. Qxe7 Nxe7 20. Rac1 f6 21. Rfd1 Kf7 22. a4 Rc7 23. Bc3 Ra8 24. Bd2 Ke6 25. Bf4 Rc6 26. h4 Rac8 27. Bd2 Ra8 28. Bh3+ f5 29. Be3 c4 30. bxc4 Rxc4 31. Rxc4 dxc4 32. Bc5 Rc8 33. Bxe7 Kxe7 34. Bxf5 Rc5 35. Rd7+ Kf6 36. Bc2 Bd5 37. Kf1 Bc6 38. Ra7 Be8 39. Ke1 Bf7 40. Kd2 c3+ 41. Kc1 g5 42. Ra6+ Kg7 43. hxg5 hxg5 44. Rb6 Be8 45. e3 Rd5 46. Re6 Kf7 47. Ra6 Ke7 48. e4 Re5 49. Rh6 g4 50. Rh7+ Kd8 51. Rg7 Bd7 52. Kd1 Rc5 53. Ke2 Kc7 54. Ke3 Rc4 55. Kd3 Rc6 56. Kd4 Kd8 57. Rg5 Rf6 58. Ke3 Rf3+ 59. Ke2 Be6 60. Rxa5 Bc4+ 61. Ke1 Ke7 62. Rc5 Bd3 63. Rxc3 Bxc2 64. Rxc2 Ra3 65. Ke2 Rxa4 66. Ke3 Kd6 67. Kf4 Rb4 68. Re2 Ke6 69. Kxg4 Ke5 70. f4+ Ke6 71. Re3 Kf6 72. e5+ 1-0